Welcome to the Holygrace Academy Library

Please use search bar below to get started

MAKE PEACE YOUR TARGET (Record no. 5443)

MARC details
000 -LEADER
fixed length control field 00286nam a22001217a 4500
082 ## - DEWEY DECIMAL CLASSIFICATION NUMBER
Classification number 200
Item number KAI/M
100 ## - MAIN ENTRY--AUTHOR NAME
Personal name KAITHOLIL,GEORGE
245 ## - TITLE STATEMENT
Title MAKE PEACE YOUR TARGET
260 ## - PUBLICATION, DISTRIBUTION, ETC. (IMPRINT)
Place of publication MUMBAI
Name of publisher BETTER YOURSELF BOOKS
300 ## - PHYSICAL DESCRIPTION
Number of Pages 134
650 ## - SUBJECT ADDED ENTRY--TOPICAL TERM
Topical Term PERSONALITY DEVELOPMENT
Geographic subdivision MUMBAI
942 ## - ADDED ENTRY ELEMENTS (KOHA)
Koha item type Books
Holdings
Withdrawn status Lost status Home library Current library Shelving location Date acquired Source of acquisition Full call number Accession Number Koha item type
    Main Library Main Library SHELF-17H-PERSONALITY DEVELOPMENT BOOKS 20/10/2012 PURCHASE 200 KAI/M 07036 Books